| 000 | 00620cam a22002173a 4500 | ||
|---|---|---|---|
| 001 | 44121 | ||
| 003 | PGUSA | ||
| 005 | 20140828084014.0 | ||
| 008 | 131107s2013||||xxu|||||s|||||000 | eng d | ||
| 040 |
_aPGUSA _beng |
||
| 042 | _adc | ||
| 100 | 1 | _aMacarthur, Margaret | |
| 245 | 1 | 0 |
_aHistory of Scotland _h[electronic resource] / _cMargaret Macarthur |
| 260 |
_bProject Gutenberg, _c2013 |
||
| 506 | _aPublic domain in the USA. | ||
| 516 | _aElectronic text | ||
| 700 | 1 |
_aFreeman, Edward Augustus, _d1823-1892 |
|
| 830 | 0 |
_aProject Gutenberg _v44121 |
|
| 856 | 4 | 0 | _uhttp://www.gutenberg.org/ebooks/44121 |
| 942 | _cEB | ||
| 999 |
_c273372 _d273372 |
||